LEADER 00917cam0-2200313---450- 001 990004184370403321 005 20140220115836.0 010 $a0-7012-0845-7 035 $a000418437 035 $aFED01000418437 035 $a(Aleph)000418437FED01 035 $a000418437 100 $a19990604d1990----km-y0itay50------ba 101 0 $aeng 102 $aGB 105 $a--------001zy 200 1 $a<>passionate apprentice$ethe early journals, 1897-1909$fVirginia Woolf$gedited by Mitchell A. Leaska 210 $aLondon$cThe Hogarth press$d1990 215 $aXLV, 444 p.$d24 cm 676 $a828.912 700 1$aWoolf,$bVirginia$f<1882-1941>$0163656 702 1$aLeaska,$bMitchell A. 801 0$aIT$bUNINA$gRICA$2UNIMARC 901 $aBK 912 $a990004184370403321 952 $a823.912 WOOLF 26(1)$bBibl.35913$fFLFBC 959 $aFLFBC 996 $aPassionate apprentice$912700 997 $aUNINA LEADER 01597nam 2200409 a 450 001 9910692668503321 005 20040826133345.0 035 $a(CKB)5470000002354778 035 $a(OCoLC)56358714 035 9 $aocm56358714 035 $a(OCoLC)995470000002354778 035 $a(EXLCZ)995470000002354778 100 $a20040826d2004 ua 0 101 0 $aeng 135 $aurmn|||||| 181 $ctxt$2rdacontent 182 $cc$2rdamedia 183 $acr$2rdacarrier 200 10$aHomeland security$b[electronic resource] $emanagement of first responder grants in the National Capital Region reflects the need for coordinated planning and performance goals : report to the Chairman, Committee on Government Reform, House of Representatives 210 1$a[Washington, D.C.] :$cU.S. General Accounting Office,$d[2004] 300 $aTitle from title screen (viewed on Aug. 18, 2004). 300 $a"May 2004." 300 $aPaper version available from: U.S. General Accounting Office, 441 G St., NW, Rm. LM, Washington, D.C. 20548. 300 $a"GAO-04-433." 320 $aIncludes bibliographical references. 517 $aHomeland security 606 $aTerrorism$zWashington Region$xPrevention 606 $aEmergency management$zWashington Region$xFinance 615 0$aTerrorism$xPrevention. 615 0$aEmergency management$xFinance. 712 02$aUnited States.$bCongress.$bHouse.$bCommittee on Government Reform. 801 0$bGPO 801 1$bGPO 906 $aBOOK 912 $a9910692668503321 996 $aHomeland Security$91686681 997 $aUNINA